000
00291nam a22001217a 4500
020
_a
0-8094-7550-2
082
_a
004 UND'T
100
_a
TIME - LIFE
_9
57072
245
_a
UNDERSTANDING COMPUTERS COMPUTER BASICS
260
_a
TIME - LIFE
_b
TIME - LIFE
_c
9999
300
_a
128P
942
_c
BK
999
_c
567378
_d
567378